书目信息 |
| 题名: |
中国现代文学作品选
|
|
| 作者: | 黄曼君 , 许祖华 , 童秉国 主编 | |
| 分册: | 小说卷 | |
| 出版信息: | 武汉 华中师范大学出版社 2000.03 |
|
| 页数: | 601页 | |
| 开本: | 20cm | |
| 丛书名: | ||
| 单 册: | ||
| 中图分类: | I216.1 | |
| 科图分类: | ||
| 主题词: | 小说--xiao shuo--中国--现代--作品集 , 文学--wen xue--中国--现代--作品综合集 | |
| 电子资源: | ||
| ISBN: | 7-5622-2084-0 | |
| 000 | 00976nam0 2200265 450 | |
| 001 | 012008430682 | |
| 005 | 20080603144601.25 | |
| 010 | @a7-5622-2084-0@dCNY22.00 | |
| 100 | @a20080602d2000 em y0chiy0120 ea | |
| 101 | 0 | @achi |
| 102 | @aCN@b420000 | |
| 105 | @ay z 000yy | |
| 106 | @ar | |
| 200 | 1 | @a中国现代文学作品选@Azhong guo xian dai wen xue zuo pin xuan@i小说卷@f黄曼君, 许祖华, 童秉国主编@Fhuang man jun,xu zu hua,tong bing guo zhu bian |
| 210 | @a武汉@c华中师范大学出版社@d2000.03 | |
| 215 | @a601页@d20cm | |
| 330 | @a本书收鲁迅的《狂人日记》、冰心的《超人》、萧红的《小城三月》、周立波的《暴风骤雨》(梗概)等短篇小说和长篇小说梗概。 | |
| 606 | 0 | @a小说@Axiao shuo@y中国@z现代@j作品集 |
| 606 | 0 | @a文学@Awen xue@y中国@z现代@j作品综合集 |
| 690 | @aI216.1@v4 | |
| 701 | 0 | @a黄曼君@Ahuang man jun@4主编 |
| 701 | 0 | @a许祖华@Axu zu hua@4主编 |
| 701 | 0 | @a童秉国@Atong bing guo@4主编 |
| 801 | 0 | @aCN@bQSSK@c20080603 |
| 905 | @b723141-43@dI216.1@eH862@f3 | |
| 中国现代文学作品选.小说卷/黄曼君, 许祖华, 童秉国主编.-武汉:华中师范大学出版社,2000.03 |
| 601页;20cm |
| ISBN 7-5622-2084-0:CNY22.00 |
| 本书收鲁迅的《狂人日记》、冰心的《超人》、萧红的《小城三月》、周立波的《暴风骤雨》(梗概)等短篇小说和长篇小说梗概。 |
| ● |
| 相关链接 |
|
|
|
正题名:中国现代文学作品选
索取号:I216.1/H862
 
预约/预借
| 序号 | 登录号 | 条形码 | 馆藏地/架位号 | 状态 | 备注 |
| 1 | 723141 | 207231413 | 文学库108/108文学库 13排1列4层/ [索取号:I216.1/H862] | 在馆 | |
| 2 | 723142 | 207231422 | 文学库108/108文学库 13排1列4层/ [索取号:I216.1/H862] | 在馆 | |
| 3 | 723143 | 207231431 | 文学库108/108文学库 13排1列4层/ [索取号:I216.1/H862] | 在馆 |